01309nam a2200337Ia 4500001001200000003000800012006001900020007001500039008004100054010001700095020003000112020001800142040002100160035002100181050002400202082001600226245011200242260004900354300002400403490003900427504005100466533015200517650002800669650001500697655002900712700002300741710001700764830004700781856012600828999001700954ebr10658935CaPaEBRm u cr cn|||||||||100621s2010 nyua sb 001 0 eng d z 2010022894 z9781617283482 (hardcover) z9781613246849 aCaPaEBRcCaPaEBR a(OCoLC)83231400614aTN672b.H427 2010eb04a671.3/622200aHeat treatmenth[electronic resource] :btheory, techniques, and applications /cGregory J. Bonami, editor. aNew York :bNova Science Publishers,cc2010. axii, 299 p. :bill.1 aMaterials science and technologies aIncludes bibliographical references and index. aElectronic reproduction.bPalo Alto, Calif. :cebrary,d2013.nAvailable via World Wide Web.nAccess may be limited to ebrary affiliated libraries. 0aMetalsxHeat treatment. 0aTempering. 7aElectronic books.2local1 aBonami, Gregory J.2 aebrary, Inc. 0aMaterials science and technologies series.40uhttp://site.ebrary.com/lib/rucke/Doc?id=10658935zAn electronic book accessible through the World Wide Web; click to view c64437d64437